Countries Closest to Türkiye - One Minute Sprint - Statistics

General Stats
  • This quiz has been taken 707 times
    662 since last reset
  • The average score is 15 of 20
Answer Stats
km country miles % Correct
0 Greece 0
96%
0 Syria 0
93%
0 Iran 0
92%
0 Iraq 0
92%
0 Armenia 0
89%
0 Bulgaria 0
89%
0 Azerbaijan 0
87%
0 Georgia 0
86%
136 Russia 85
82%
285 Israel 177
79%
125 Lebanon 78
79%
69 Cyprus 43
78%
198 Romania 123
75%
342 Jordan 213
68%
409 Ukraine 254
64%
274 North Macedonia 170
63%
322 Serbia 200
54%
387 Moldova 240
46%
388 Kosovo 241
44%
372 Palestine 231
30%
No matching quizzes found
Score Distribution
Percent of People with Each Score
Percentile by Number Answered
Your Score History
You have not taken this quiz since the last reset